000 002560000a22000970004500
100 1 _aSoskice, Janet Martin
245 1 0 _aImago dei y diferenciación sexual
300 _aVol.314, núm.314 (Febrero, 2006), Páginas 41-48
773 0 _tConcilium
942 _cANA
999 _c61236
_d61236